Statystyki dla Rozpoznaj piłkarza po transferach(trudne)#3

Kliknij tutaj aby rozwiązać quiz!

Ogólne statystyki

  • Ten quiz został rozwiązany 49 razy
  • Średni wynik to 5 z 12

Statystyki odpowiedzi

TransferyPiłkarz% Poprawnych
Dinamo Zagrzeb->Lokomotiva Zagreb->Dinamo Zagrzeb->Lokomotiva Zagreb->Dinamo Zagrzeb->HNK Rijeka->Leicester City->TSG 1899 Hoffenheim->Leicester City->TSG 1899 HoffenheimAndrej Kramaric
73%
AC Milan->Padova->AC Milan->Palermo->Torino->Palermo->Torino->Manchester United->Parma->Inter MediolanMatteo Darmian
52%
Real Madrid Castilla->Getafe CF->Sevilla FC->Paris SGPablo Sarabia
52%
Málaga CF->Manchester City->Real Madryt->AC MilanBrahim Díaz
50%
Bournemouth->Dorchester Town->Bournemouth->Burnley->Liverpool->Southampton->Liverpool->SouthamptonDanny Ings
48%
Celta de Vigo->Manchester City->FC Barcelona->Sevilla FC->FC Barcelona->Villarreal CF->FC Barcelona->FC Arsenal->FC Barcelona->Celta de VigoDenis Suarez
44%
Real Madryt->Rayo Vallecano->Real Madryt->Málaga CF->Real Madryt->Real Sociedad->Leeds UnitedDiego Llorente
40%
Bocholt->KRC Genk->Lommel SK->KRC Genk->KVC Westerlo->KRC Genk->Lommel SK->KRC Genk->Oud-Heverlee Leuven->KRC Genk-> Brighton & Hove AlbionLeandro Trossard
40%
Monterrey->Twente Enschede->FC PortoJesus Corona
35%
Valencia CF->Recreativo Huelva>Valencia CF->Getafe CF->Crystal PalaceVicente Guaita
33%
PSG->Pays d'Auge->SM Caen>AS Beauvais Oise->Amiens SC->Blackburn Rovers->Stoke City->Sevilla FC->AS Roma->Galatasaray->AS Roma->Stade Rennais->AS Roma->Stade RennaisSteven Nzonzi
25%
VfB Solingen->Bayer 04 Leverkusen->SpVgg Greuther Fürth->Bayer 04 Leverkusen->VfL Osnabrück->VfR Aalen->Red Bull Salzburg->Borussia Dortmund->Bayer 04 Leverkusen->RB LeipzigKevin Kampl
21%

Rozkład punktacji

Percentyl według liczby udzielonych odpowiedzi

Procent ludzi z każdym wynikiem

Twoja historia wyników

Nie rozwiązałeś tego quizu